01779cam a2200373 a 4500001001400000003000800014005001700022006001900039007001500058008004100073020003800114040003000152049002600182050002000208082001800228245014200246250001200388260004200400300003600442500008400478520040400562521001700966588004700983504005101030650004201081655002901123700002401152700004601176710001601222776003501238856009701273942001601370999001901386EDZ0000063532StDuBDS20161031105217.0m||||||||d||||||||cr |||||||||||120315s2011 cau fo| 001|0|eng d a9781452230429 (ebook) :cNo price aStDuBDSbengcStDuBDSepn aAlfaisal Main Library 0aHV11b.L48 201104a361.3097322304aThe social workout bookh[electronic resource] :bstrength-building exercises for the pre-professional /c[edited by] Alice A. Lieberman. a2nd ed. aThousand Oaks, Calif. :bSAGE,c2011. a1 online resource (xvi, 147 p.) aPrevious ed.: published as The social workout book / Alice A. Lieberman. c1998.8 aThis book is for the social work or social welfare student fortunate enough to be offered active or collaborative learning right from the start. Picking up on the topics of the typical mega textbook, Alice Lieberman invites the students to apply critical thinking to the fierce debates and issues which lie underneath the bland interior of their textbook, and debate them with their fellow students. aSpecialized. aDescription based on print version record. aIncludes bibliographical references and index. 0aSocial work educationzUnited States. 7aElectronic books.2local1 aLieberman, Alice A.1 aLieberman, Alice A.tSocial workout book.2 aSage eBooks08iPrint version :z978141296514940uhttp://ezproxy.alfaisal.edu/login?url=http://sk.sagepub.com/books/the-social-workout-book-2e 2lcccEBOOKS c481786d481786